书目信息 |
| 题名: |
科学研究的艺术
|
|
| 作者: | 贝弗里奇 , Beveridge 著 ;陈捷 译 | |
| 分册: | ||
| 出版信息: | 北京 科学出版社 1979 |
|
| 页数: | 179页 | |
| 开本: | 19cm | |
| 丛书名: | ||
| 单 册: | ||
| 中图分类: | N3 , C0 | |
| 科图分类: | ||
| 主题词: | 科学研究--方法 , 社会科学--理论 , 社会科学--方法论 | |
| 电子资源: | ||
| ISBN: | ||
| 000 | 00875nam0 2200301 450 | |
| 001 | 1552120789 | |
| 005 | 20150119142904.00 | |
| 010 | @dCNY0.50 | |
| 091 | @a17031.81 | |
| 100 | @a19950810d1979 em y0chiy0110 ea | |
| 101 | 1 | @achi@ceng |
| 102 | @aCN@b110000 | |
| 105 | @ay z 000yy | |
| 200 | 1 | @a科学研究的艺术@9ke xue yan jiu de yi shu@f(英)贝弗里奇(W.I.B.Beveridge)著@g陈捷译 |
| 210 | @a北京@c科学出版社@d1979 | |
| 215 | @a179页@d19cm | |
| 300 | @a书名原文:The art of scientific incestigation | |
| 510 | 1 | @aThe art of scientific incestigation@zeng |
| 606 | 0 | @a科学研究@x方法 |
| 606 | 0 | @a社会科学@x理论 |
| 606 | 0 | @a社会科学@x方法论 |
| 690 | @aN3@v5 | |
| 690 | @aC0@v4 | |
| 701 | 1 | @a贝弗里奇@9bei fu li qi@bW.I.B.@4著 |
| 701 | 1 | @aBeveridge@bW.I.B.@4著 |
| 702 | 0 | @a陈捷@9chen jie@4译 |
| 801 | 0 | @aCN@bTSSF@c20150115 |
| 905 | @aZUCC@dC0@eJY16 | |
| 科学研究的艺术/(英)贝弗里奇(W.I.B.Beveridge)著/陈捷译.-北京:科学出版社,1979 |
| 179页;19cm |
| 书名原文:The art of scientific incestigation |
| ISBN :CNY0.50 |
| ● |
| 相关链接 |
|
|
|
|
正题名:科学研究的艺术
索取号:C0/JY16
 
预约/预借
| 序号 | 登录号 | 条形码 | 馆藏地/架位号 | 状态 | 备注 |
| 1 | 7835148 | 278351481 | 学院路分馆/ [索取号:C0/JY16] | 在馆 |